Normal view
MARC view
- Vol : 5
Entry Topical Term
001 - CONTROL NUMBER
- control field: 103648
003 - CONTROL NUMBER IDENTIFIER
- control field: NUST
005 - DATE AND TIME OF LATEST TRANSACTION
- control field: 20221128091247.0
008 - FIXED-LENGTH DATA ELEMENTS
- fixed length control field: 221128|| aca||aabn | a|a d
040 ## - CATALOGING SOURCE
- Original cataloging agency: NUST
- Transcribing agency: NUST
150 ## - HEADING--TOPICAL TERM
- Topical term or geographic name entry element: Vol : 5
670 ## - SOURCE DATA FOUND
- Source citation: Work cat.: (NUST)180582: F.Reif 23726, Statistical physics / , 1965
